Biblioteki Polonii Amerykańskiej
Biblioteka Instytutu Józefa Piłsudskiego w Ameryce
Library of the Józef Piłsudski Institute of America
Biblioteka imienia Alfreda Jurzykowskiego Polskiego Instytutu Naukowego w Ameryce
The Alfred Jurzykowski Memorial Library of the Polish Institute of Arts & Sciences of America
Biblioteka Marjanczyków Polskiej Fundacji Kulturalnej
The Marjanczyk Library of the Polish Cultural Foundation

Biblioteka Fundacji Kościuszkowskiej
Library of the Kosciuszko Foundation

Ochotnik : (Record no. 91101)

MARC details
000 -LEADER
fixed length control field 02813nam a2200697 i 4500
001 - CONTROL NUMBER
control field 991052750011005066
003 - CONTROL NUMBER IDENTIFIER
control field NyNyJPI
005 - DATE AND TIME OF LATEST TRANSACTION
control field 20260413162538.0
008 - FIXED-LENGTH DATA ELEMENTS--GENERAL INFORMATION
fixed length control field 200915s2020 pl abco |000 0dpol c
009 - PHYSICAL DESCRIPTION FIXED-FIELD FOR ARCHIVAL COLLECTION (VM) [OBSOLETE]
fixed length control field b1000000761214
015 ## - NATIONAL BIBLIOGRAPHY NUMBER
National bibliography number UWD 2020/32456
020 ## - INTERNATIONAL STANDARD BOOK NUMBER
International Standard Book Number 9788366340084
Qualifying information (oprawa miękka :
-- Instytut Pileckiego) :
Terms of availability zł 49,99
020 ## - INTERNATIONAL STANDARD BOOK NUMBER
International Standard Book Number 9788324078011
Qualifying information (oprawa miękka :
-- Znak) :
Terms of availability zł 49,99
035 ## - SYSTEM CONTROL NUMBER
System control number (OCoLC)1199650098
035 ## - SYSTEM CONTROL NUMBER
System control number (PL)b1000000761214
035 ## - SYSTEM CONTROL NUMBER
System control number (EXLNZ-48OMNIS_NETWORK)9911563315505606
040 ## - CATALOGING SOURCE
Original cataloging agency LUBL M
Transcribing agency LUBL M
Modifying agency LUBL M
-- KR U
-- WA N
-- KIEL W
041 1# - LANGUAGE CODE
Language code of text/sound track or separate title pol
Language code of original eng
045 2# - TIME PERIOD OF CONTENT
Formatted 9999 B.C. through C.E. time period d1940
-- d1947
046 ## - SPECIAL CODED DATES
Beginning or single date created 2020
080 ## - UNIVERSAL DECIMAL CLASSIFICATION NUMBER
Field link and sequence number 1.1\x
Universal Decimal Classification number 94(438).082.21
080 ## - UNIVERSAL DECIMAL CLASSIFICATION NUMBER
Field link and sequence number 1.2\x
Universal Decimal Classification number 94(100)"1939/1945":341.322.5
080 ## - UNIVERSAL DECIMAL CLASSIFICATION NUMBER
Field link and sequence number 1.3\x
Universal Decimal Classification number 929-052(438)"19"
084 ## - OTHER CLASSIFICATION NUMBER
Classification number 10
100 1# - MAIN ENTRY--PERSONAL NAME
Personal name Fairweather, Jack
Dates associated with a name (1978- )
Relator term Autor
245 10 - TITLE STATEMENT
Title Ochotnik :
Remainder of title prawdziwa historia tajnej misji Witolda Pileckiego /
Statement of responsibility, etc. Jack Fairweather ; przekład Arkadiusz Romanek.
246 1# - VARYING FORM OF TITLE
Display text Tytuł oryginału:
Title proper/short title Volunteer :
Remainder of title one man, an underground army, and the secret mission to destroy Auschwitz,
Date or sequential designation 2019
246 30 - VARYING FORM OF TITLE
Title proper/short title Prawdziwa historia tajnej misji Witolda Pileckiego
246 1# - VARYING FORM OF TITLE
Display text Tytuł oryginału:
Title proper/short title Volunteer :
Remainder of title one man, an Underground Army, and the secret mission to destroy Auschwitz,
Date or sequential designation 2019
250 ## - EDITION STATEMENT
Edition statement Wydanie I.
260 ## - PUBLICATION, DISTRIBUTION, ETC.
Place of publication, distribution, etc. Kraków :
Name of publisher, distributor, etc. Instytut Pileckiego ;
-- Znak Horyzont,
Date of publication, distribution, etc. 2020.
300 ## - PHYSICAL DESCRIPTION
Extent 510 stron :
Other physical details faksymilia, fotografie, ilustracje, mapy ;
Dimensions 23 cm.
336 ## - CONTENT TYPE
Content type term Tekst
Content type code txt
Source rdacontent
337 ## - MEDIA TYPE
Media type term Bez urządzenia pośredniczącego
Media type code n
Source rdamedia
338 ## - CARRIER TYPE
Carrier type term Wolumin
Carrier type code nc
Source rdacarrier
380 ## - FORM OF WORK
Form of work Książki
380 ## - FORM OF WORK
Form of work Literatura faktu, eseje, publicystyka
388 1# - TIME PERIOD OF CREATION
Time period of creation term 2001-
500 ## - GENERAL NOTE
General note Tytuł oryginału: The Volunteer: one man, an Underground Army, and the secret mission to destroy Auschwitz.
504 ## - BIBLIOGRAPHY, ETC. NOTE
Bibliography, etc. note Bibliografia na stronach 443-463.
600 17 - SUBJECT ADDED ENTRY--PERSONAL NAME
Personal name Pilecki, Witold
Dates associated with a name (1901-1948)
Source of heading or term DBN
600 10 - SUBJECT ADDED ENTRY--PERSONAL NAME
Personal name Pilecki, Witold,
Dates associated with a name 1902-1948
General subdivision Imprisonment.
610 27 - SUBJECT ADDED ENTRY--CORPORATE NAME
Corporate name or jurisdiction name as entry element Armia Krajowa (AK)
Source of heading or term DBN
610 27 - SUBJECT ADDED ENTRY--CORPORATE NAME
Corporate name or jurisdiction name as entry element Auschwitz-Birkenau (niemiecki obóz koncentracyjny)
Source of heading or term DBN
610 20 - SUBJECT ADDED ENTRY--CORPORATE NAME
Corporate name or jurisdiction name as entry element Auschwitz (Concentration camp)
648 #7 - SUBJECT ADDED ENTRY--CHRONOLOGICAL TERM
Chronological term 1901-2000
Source of heading or term DBN
648 #7 - SUBJECT ADDED ENTRY--CHRONOLOGICAL TERM
Chronological term 1939-1945
Source of heading or term DBN
648 #7 - SUBJECT ADDED ENTRY--CHRONOLOGICAL TERM
Chronological term 1945-1989
Source of heading or term DBN
650 #7 - SUBJECT ADDED ENTRY--TOPICAL TERM
Topical term or geographic name entry element Podziemie polityczne i zbrojne (1944-1956)
Source of heading or term DBN
650 #7 - SUBJECT ADDED ENTRY--TOPICAL TERM
Topical term or geographic name entry element Więźniowie obozów
Source of heading or term DBN
650 #7 - SUBJECT ADDED ENTRY--TOPICAL TERM
Topical term or geographic name entry element Więźniowie polityczni
Source of heading or term DBN
650 #7 - SUBJECT ADDED ENTRY--TOPICAL TERM
Topical term or geographic name entry element Ruch oporu
Source of heading or term DBN
650 #7 - SUBJECT ADDED ENTRY--TOPICAL TERM
Topical term or geographic name entry element Procesy polityczne
Source of heading or term DBN
650 #0 - SUBJECT ADDED ENTRY--TOPICAL TERM
Topical term or geographic name entry element World War, 1939-1945
General subdivision Underground movements
Geographic subdivision Poland
655 #7 - INDEX TERM--GENRE/FORM
Genre/form data or focus term Biografia
Source of term DBN
658 ## - INDEX TERM--CURRICULUM OBJECTIVE
Main curriculum objective Historia
700 1# - ADDED ENTRY--PERSONAL NAME
Personal name Romanek, Arkadiusz
Relator term Tłumaczenie
710 2# - ADDED ENTRY--CORPORATE NAME
Corporate name or jurisdiction name as entry element Instytut Pileckiego
Relator term Wydawca
Relationship pbl
710 2# - ADDED ENTRY--CORPORATE NAME
Corporate name or jurisdiction name as entry element Społeczny Instytut Wydawniczy Znak
Relator term Wydawca
Relationship pbl
942 ## - ADDED ENTRY ELEMENTS (KOHA)
Source of classification or shelving scheme Other/Generic Classification Scheme
Koha item type Books
Suppress in OPAC No
Holdings
Withdrawn status Lost status Source of classification or shelving scheme Damaged status Not for loan Home library Current library Date acquired Total checkouts Full call number Date last seen Price effective from Koha item type
    Other/Generic Classification Scheme   Not for loan Józef Piłsudski Institute Józef Piłsudski Institute 04/13/2026   K 1838 04/13/2026 04/13/2026 Books